KOHA-Header-6

For Freedom's Sake Selected Stories and Sketches (Record no. 7558)

000 -LEADER
fixed length control field 00282nam a2200109Ia 4500
100 ## - MAIN ENTRY--AUTHOR NAME
Personal name Sa'adat Hasan Manto
245 #0 - TITLE STATEMENT
Title For Freedom's Sake Selected Stories and Sketches
260 ## - PUBLICATION, DISTRIBUTION, ETC. (IMPRINT)
Place of publication USA
Name of publisher Addision
Year of publication 2001
300 ## - PHYSICAL DESCRIPTION
Number of Pages 232
942 ## - ADDED ENTRY ELEMENTS (KOHA)
Koha item type Books
Holdings
Withdrawn status Lost status Permanent Location Current Location Shelving location Date acquired Full call number Accession Number Koha item type
    MAJU MAJU Shelf No.A14 2019-09-12 823 1467 Books

Powered by Koha